|
|
|
|
| LEADER |
00000nam a2200000 a 4500 |
| 001 |
vtls001414423 |
| 003 |
SK-MaSNL |
| 005 |
20260302035137.0 |
| 008 |
240314s1964 xx 0 und |
| 035 |
|
|
|a SNK000369148
|
| 040 |
|
|
|a SNK
|b slo
|c SNK
|e AACR2
|
| 100 |
1 |
|
|a Hlavatý, František
|4 aut
|9 60537
|
| 245 |
1 |
0 |
|a Vazby a rozbory tkanin 1
|
| 260 |
|
|
|a Praha
|b Slovenské pedagogické nakladateľstvo
|c 1964
|
| 300 |
|
|
|a 170 s.
|
| 958 |
|
|
|a OND
|
| 999 |
|
|
|c 1069436
|d 1071366
|
| 952 |
|
|
|t P60, <04>, [BOOK], {604}
|a SNK
|b SNK
|y VYP
|7 0
|p 17A0301422
|o snkIB 15937 D1
|0 0
|1 1
|4 0
|d 2001-06-04
|l 0
|r 2005-01-02 00:00:00
|w 2026-02-24
|